000 00309nam a2200133 i 4500
001 bg
100 1 _aTHUMMEL, H. W.
245 0 _aFluorescencja rentgenowska... /
_cH.W. Thummel.
260 _aWarszawa,
_c1978.
040 _cBPK
041 _apol
942 _cKS
008 s pl f |000 0 pol
999 _c18364
_d18364
856 _uhttp://koha.tu.koszalin.pl/cgi-bin/koha/opac-detail.pl?biblionumber=18364
_yKatalog online BPK